000 00554nam a22001697a 4500
003 OSt
005 20171010095535.0
008 121012t xxu||||| |||| 00| 0 eng d
040 _aMMSU
_cULS
100 _aAgcaoili, Roland G. III, et al.
_913463
245 _aSensorized grass cutter
_cRoland G. III Agacaoili, et al.
260 _c2008
300 _axi, [98] leaves
_c28 cm.
500 _aThesis (BS Computer Science -- Mariano Marcos State University-College of Engineering, Batac City
504 _aBibliography: leaf 58
942 _2ddc
_cTHEDIS
999 _c9833
_d9833